| 000 | 00418nam a2200181Ia 4500 | ||
|---|---|---|---|
| 001 | 19000 | ||
| 005 | 20260306171711.0 | ||
| 008 | 260306s9999||||xx |||||||||||||| ||und|| | ||
| 041 | _aESP | ||
| 082 |
_a658.72 _bL37 |
||
| 100 |
_aLeenders, Michiel R. _eAUT |
||
| 245 | 0 | _aAdministración de compras y materiales | |
| 260 | _c1999 | ||
| 300 |
_a _c |
||
| 650 | _aGEN | ||
| 654 | _aCAN | ||
| 942 |
_cLIB _dJUS _fJUS _2ddc _n |
||
| 999 |
_c19000 _d19000 |
||